| 000 | 01159 a2200313 4500 | ||
|---|---|---|---|
| 003 | Nust | ||
| 005 | 20170207154054.0 | ||
| 010 | _a 2009928737 | ||
| 020 | _a0470466464 (pbk.) | ||
| 020 | _a9780470466469 (pbk.) | ||
| 035 | _a(OCoLC)ocn301885274 | ||
| 040 | _cNust | ||
| 082 | 0 | 4 | _a519.5 |
| 100 | 1 | _aRumsey, Deborah J. | |
| 245 | 1 | 0 |
_aStatistics II for dummies (E-BOOK) _cby Deborah Rumsey. |
| 246 | 3 | _aStatistics 2 for dummies | |
| 246 | 3 | _aStatistics two for dummies | |
| 260 |
_aHoboken, NJ ; _bWiley Pub., _cc2009. |
||
| 300 |
_axiv, 392 p. ; _bill. ; _c24 cm. |
||
| 490 | 1 | _aFor dummies | |
| 500 | _a"Making everything easier!"--Cover. | ||
| 500 | _aIncludes index. | ||
| 505 | 1 | _aTackling data analysis and model-building basics -- Using different types of regression to make predictions -- Analyzing variance with ANOVA -- Building strong connections with chi-square tests -- Nonparametric statistics: rebels without a distribution -- The part of tens -- Appendix: Reference tables. | |
| 650 | 0 | _aStatistics | |
| 650 | 0 | _aStatistics. | |
| 650 | 0 | _aStatistik. | |
| 651 | _aStatistics II for dummies (E-BOOK) | ||
| 830 | 0 | _a--For dummies. | |
| 942 |
_2ddc _cBK |
||
| 999 |
_c193253 _d193253 |
||